S13->Częstochowa - Statystyki

Ogólne statystyki
  • Ten quiz został rozwiązany 14 razy
  • Średni wynik to 6 z 8
Statystyki odpowiedzi
Nr. Stacja % Poprawnych
8. Częstochowa
100%
5. Blachownia
80%
7. Częstochowa Stradom
80%
4. Herby Stare
80%
1. Lubliniec
80%
6. Częstochowa Gnaszyn
60%
2. Kochanowice
60%
3. Lisów
30%
Nie znaleziono quizów pasujących do podanych kryteriów
Rozkład punktacji
Procent ludzi z każdym wynikiem
Percentyl według liczby udzielonych odpowiedzi
Twoja historia wyników
Nie rozwiązałeś tego quizu